000 00794cam a2200265 a 4500
001 7318395
003 ARRUPE
005 20131219121440.0
008 860205s1575 enk 000 0 eng
010 _a 21015539
040 _aDLC
_edcrb
_cCarP
_dDLC
050 0 0 _aBX202
_b.C877 1975
100 _aCox, Edwin
_95948
245 0 0 _aThis elusive Jesus :
_bthe problem of gospel teaching /
_cbyCox, Edwin.
260 _aLondon :
_bByMarshalls Educational,
_c1975.
300 _aviii, 120p. ;
_c22cm.
561 _5DLC
650 0 _aConduct of life
_vEarly works to 1800.
_95949
700 1 _aCox, Edwin,
_95950
752 _aEngland
_dLondon
906 _a7
_bcbc
_cpremver
_d1
_encip
_f19
_gy-genrareb
942 _2lcc
_cMONOGRAPH
999 _c119349
_d119349